Flooding and drainage (Record no. 73047)

MARC details
000 -LEADER
fixed length control field 01224cam a2200253 4500
001 - CONTROL NUMBER
control field X123011
008 - FIXED-LENGTH DATA ELEMENTS--GENERAL INFORMATION
fixed length control field 030715n2003 000 0 eng u
035 ## - SYSTEM CONTROL NUMBER
System control number (Sirsi) u123011
100 ## - MAIN ENTRY--PERSONAL NAME
Personal name Pender, G.
245 ## - TITLE STATEMENT
Title Flooding and drainage
260 ## - PUBLICATION, DISTRIBUTION, ETC.
Date of publication, distribution, etc. 2003
490 ## - SERIES STATEMENT
Series statement Surveyor
Volume/sequential designation 190(5735) 26 June 2003, 14-19(6)
520 ## - SUMMARY, ETC.
Summary, etc. Three articles on flooding and drainage. The first looks at the next generation of flood prediction computer models after recent floods highlighted the limitations of current models. The second examines the drainage problems as demand for paved areas increases. The final article returns to the issue of flooding and the flood alleviation scheme at Banbury, Oxfordshire. Includes a brief listing of mitigation methods, identified by the Environment Agency and the construction company, to remove or reduce any negative environmental impacts of the construction work involved.
650 ## - SUBJECT ADDED ENTRY--TOPICAL TERM
Topical term or geographic name entry element FLOODING
650 ## - SUBJECT ADDED ENTRY--TOPICAL TERM
Topical term or geographic name entry element FLOOD DEFENCES
650 ## - SUBJECT ADDED ENTRY--TOPICAL TERM
Topical term or geographic name entry element FLOOD PREVENTION
650 ## - SUBJECT ADDED ENTRY--TOPICAL TERM
Topical term or geographic name entry element COMPUTER SOFTWARE
650 ## - SUBJECT ADDED ENTRY--TOPICAL TERM
Topical term or geographic name entry element CAR USE
650 ## - SUBJECT ADDED ENTRY--TOPICAL TERM
Topical term or geographic name entry element DRAINAGE
650 ## - SUBJECT ADDED ENTRY--TOPICAL TERM
Topical term or geographic name entry element BANBURY
650 ## - SUBJECT ADDED ENTRY--TOPICAL TERM
Topical term or geographic name entry element ENVIRONMENTAL IMPACT
690 ## - LOCAL SUBJECT ADDED ENTRY--TOPICAL TERM (OCLC, RLIN)
Topical term or geographic name as entry element ENVIRONMENTAL AND LAND CONSULTANCY-ENVIRONMENTAL MANAGEMENT
942 ## - ADDED ENTRY ELEMENTS (KOHA)
Suppress in OPAC 0
Holdings
Withdrawn status Lost status Source of classification or shelving scheme Damaged status Not for loan Home library Current library Shelving location Date acquired Total Checkouts Full call number Barcode Date last seen Copy number Price effective from Koha item type
    Dewey Decimal Classification     London London Journal article 15/07/2003   X123011 123011-1001 06/08/2019 1 06/08/2019 Journal article